| 000 | 00595nam a22001937a 4500 | ||
|---|---|---|---|
| 005 | 20150907144123.0 | ||
| 010 | _aENG-113466 | ||
| 020 |
_c500.00 _a9788170545569 |
||
| 035 | _aEN-96998 | ||
| 037 | _bDBAD/PUB | ||
| 082 | _a200.954 | ||
| 100 | _aRajesh Kumar | ||
| 245 |
_aHistory of religious sects ,1801-1947 A.D. / _cby Rajesh Kumar |
||
| 260 |
_aNew Delhi _bClassical Publishing _c2011 |
||
| 270 |
_a28, Shopping Centre, Karampura _bNew Delhi _e110056 |
||
| 300 |
_a192p. _c22cm(Hb) |
||
| 500 | _aIncludes bibliographical references | ||
| 942 |
_2ddc _cEN _mRAJ _h200.954 |
||
| 999 |
_c94895 _d94895 |
||